000 01262naa a2200349 c 4500
001 37538
003 ES-MaCES
005 20150724120105.0
008 070205n2006 sp t ||0 | spa d
035 _aCES20070000550v
040 _aES-MaCES
_bspa
_cES-MaCES
245 0 0 _aLesiones por accidentes de trabajo, una prioridad en salud pública
_cFernando G. Benavides ... [et. al]
500 _aResumen en español e inglés
504 _aBibliografía: p. 564-565
650 4 _aEspaña
_926964
650 4 _aanálisis estadístico
_928889
650 4 _acondiciones de trabajo
_928327
650 4 _apolítica sanitaria
_929366
650 4 _aseguridad en el trabajo
_928348
650 4 _asalud en el trabajo
_928347
650 4 _alesión profesional
_929813
650 4 _aaccidente de trabajo
_928345
650 4 _ariesgo
_929564
650 4 _atrabajo
_928289
653 1 0 _aRelaciones laborales-Empleo
650 4 _928300
_apolítica de empleo
700 1 _aBenavides, Fernando G.
_97485
773 0 _tRevista española de salud pública
_gvol. 80, n. 5 (sept. - oct. 2006){10126 R. 066084}; p. 553-565
_w(ES-MaCES)25144
_937117
902 _aART Artículo de revista
942 _2CES
_cAR
_h2.0.
999 _c37538
_d37538